97ème Cérémonie des Oscars (2025) - Statistiques

Statistiques générales
  • Ce quiz a été pris 137 fois
  • Le résultat moyen est 13 sur 21
Statistiques - réponses
Question Réponse % Correct
Film qui remporte 5 Oscars dont celui du meilleur film Anora
93%
Film français nommé dans 13 catégories Emilia Pérez
90%
Film qui remporte une statuette pour son adaptation d'un roman de Robert Harris se déroulant au Vatican Conclave
82%
Meilleur film d'animation Flow
81%
Acteur qui remporte un Oscar pour son rôle dans ce film Adrien Brody
79%
Célèbre espion de fiction auquel une séquence rend hommage lors de la cérémonie James Bond
76%
Film récompensé pour sa photographie et sa musique The Brutalist
75%
Actrice récompensée pour son rôle dans ce film Mikey Madison
72%
Citez l'un des français nommé dans la catégorie "Meilleur réalisateur" Jacques Audiard | Coralie Fargeat
71%
Actrice récompensée pour le rôle de Rita dans ce film Zoe Saldaña
71%
Film récompensé pour son son et ses effets visuels Dune, deuxième partie
69%
Il remporte 4 Oscars dans la même soirée grâce à ce film Sean baker
69%
Film récompensé pour ses décors et ses costumes Wicked
66%
Pays d'origine du film "Je suis toujours là" qui remporte l'Oscar du meilleur film international Brésil
63%
Acteur récompensé pour le rôle de Benji Kaplan dans "A Real Pain" Kieran Culkin
54%
Pays d'origine du réalisateur de ce dernier Lettonie
54%
Chanson interprétée par cette dernière et récompensée d’un Oscar El Mal
46%
Film nommé dans 8 catégories qui ne remporte aucune statuette Un parfait inconnu
45%
Évènement qui a retardé les votes de la cérémonie Incendies de Los Angeles
36%
Présentateur de la cérémonie Conan O'Brien
24%
Artiste musical décédé en novembre 2024, à qui un Oscar d'honneur a été attribué Quincy Jones
17%
Aucun quiz correspondant
Distribution des résultats
% des personnes avec chaque résultat
Percentile par nombre de réponses
Votre historique - résultats
Vous n’avez pas pris ce quiz